Indiquez la profession des parents ! 2 - Statistiques

Statistiques générales
  • Ce quiz a été pris 7 fois
  • Le résultat moyen est 3 sur 20
Statistiques - réponses
Hint Réponse % Correct
Serge Lama Chanteur d'opérette
33%
Jacques Higelin Cheminot
33%
Michel Sardou Comédiens
33%
Nino Ferrer Directeur d'usine
33%
Marcel Mouloudji Maçon - Aide-ménagère
33%
Renaud Professeur
33%
Claude Nourgaro Chanteur d'opéra / Professeur de piano
17%
Michel Jonasz Coiffeurs
17%
Léo Ferré Directeur du personnel du casino de Monte Carlo
17%
Christophe Entrepreneur en chauffage central / Couturière
17%
Guy Béart Expert-comptable
17%
Bernard Lavilliers Ouvrier armurier / Institutrice
17%
Henri Salvador Percepteur
17%
Gérard Lenormand Violoniste et chef d'orchestre
17%
Yves Duteil Agent import-export / Bijoutière
0%
Yves Montand Fabricant de balais
0%
Demis Roussos Ingénieur / Chanteuse
0%
Georges Moustaki Libraire
0%
Nicolas Peyrac Médecins
0%
Enrico Macias Violoniste
0%
Aucun quiz correspondant
Distribution des résultats
% des personnes avec chaque résultat
Percentile par nombre de réponses
Votre historique - résultats
Vous n’avez pas pris ce quiz